LIBRARY & INFORMATION CENTRE, KCAET, TAVANUR

ONLINE PUBLIC ACCESS CATALOGUE (OPAC)

Agricultural economics and marketing in the tropics / (Record no. 2706)

MARC details
000 -LEADER
fixed length control field 00473cam a2200181ua 4500
020 ## - INTERNATIONAL STANDARD BOOK NUMBER
ISBN 0 582 60304 8
041 ## - LANGUAGE CODE
Language code of text/sound track or separate title eng
082 ## - DEWEY DECIMAL CLASSIFICATION NUMBER
Classification number 630.33
Item number ABB/AG
100 ## - MAIN ENTRY--AUTHOR NAME
Personal name Abbott, J C .
245 ## - TITLE STATEMENT
Title Agricultural economics and marketing in the tropics /
260 ## - PUBLICATION, DISTRIBUTION, ETC. (IMPRINT)
Place of publication London :
Name of publisher Longman ,
Year of publication 1979.
300 ## - PHYSICAL DESCRIPTION
Number of Pages 168 ; .
700 1# - ADDED ENTRY--PERSONAL NAME
Personal name Makehan, J P .
942 ## - ADDED ENTRY ELEMENTS (KOHA)
Koha item type Books
Holdings
Withdrawn status Lost status Damaged status Home library Current library Date acquired Full call number Accession Number Koha item type
      KAUAET KAUAET 27/03/1987 630.33 16247 Books
free website counter